Cultural heritage ethics: between theory and practice (Record no. 290630)
[ view plain ]
| 000 -LEADER | |
|---|---|
| fixed length control field | 00460nam a2200145Ia 4500 |
| 008 - FIXED-LENGTH DATA ELEMENTS--GENERAL INFORMATION | |
| fixed length control field | 160216s9999 xx 000 0 und d |
| 100 ## - MAIN ENTRY--PERSONAL NAME | |
| Personal name | Sandis, C. |
| 245 ## - TITLE STATEMENT | |
| Title | Cultural heritage ethics: between theory and practice |
| 245 ## - TITLE STATEMENT | |
| Statement of responsibility, etc | C. Sandis. |
| 260 ## - PUBLICATION, DISTRIBUTION, ETC. (IMPRINT) | |
| Name of publisher, distributor, etc | Open Book Publishers |
| 260 ## - PUBLICATION, DISTRIBUTION, ETC. (IMPRINT) | |
| Date of publication, distribution, etc | 2014 |
| 650 ## - SUBJECT ADDED ENTRY--TOPICAL TERM | |
| General subdivision | Heritage - ethics. |
| 650 ## - SUBJECT ADDED ENTRY--TOPICAL TERM | |
| General subdivision | Heritage tourism - theory and practice. |
| 856 ## - ELECTRONIC LOCATION AND ACCESS | |
| Uniform Resource Identifier | <a href="http://www.openbookpublishers.com/reader/276#page/4/mode/2up">http://www.openbookpublishers.com/reader/276#page/4/mode/2up</a> |
| Withdrawn status | Lost status | Damaged status | Home library | Current library | Date acquired | Total Checkouts | Date last seen | Price effective from | Koha item type |
|---|---|---|---|---|---|---|---|---|---|
| College Library | College Library | 02/16/2016 | 02/16/2016 | 02/16/2016 | Curriculum - Based eBooks |